| 000 | 00848nam a22002177a 4500 | ||
|---|---|---|---|
| 005 | 20080618105719.0 | ||
| 008 | 080618t xxu||||| |||| 00| f eng d | ||
| 010 | _aENG-90369 | ||
| 020 |
_a8178242303 _c250.00 |
||
| 035 | _aEN-73902 | ||
| 037 | _bDBAD / VAN | ||
| 040 |
_aDPL _bEN |
||
| 082 | _a863.308 | ||
| 245 |
_aRabindranath Tagore's the home and the world: _cedited by P. K. Datta _ba critical companion / |
||
| 260 |
_aRanikhet _bPerament Balck _c2008 |
||
| 260 | _bOrient Longman (Distributor) | ||
| 270 |
_a'Himalayana' Mall Raod, Ranikhet Cantt, _bRanikhet _e263645 |
||
| 300 |
_ax, 204p. _c24 cm (pbk) |
||
| 942 |
_cEN _h863.308 _2ddc _mRAB |
||
| 999 |
_c13780 _d13780 |
||